| 000 | 01138cam a22003015a 4500 | ||
|---|---|---|---|
| 001 | 016088398 | ||
| 003 | Uk | ||
| 005 | 20150813113606.0 | ||
| 008 | 120517s2013 maua frb 001 0 eng | ||
| 015 |
_aGBB312394 _2bnb |
||
| 020 | _a0273769103 (paperback) | ||
| 020 | _a9780273769101 | ||
| 082 | 0 | 4 |
_a005.13 _bSEB _222 |
| 100 | 1 |
_aSebesta, Robert W., _eauthor. _95612 |
|
| 245 | 1 | 0 |
_aConcepts of programming languages / _cRobert W. Sebesta. |
| 250 |
_aTenth edition, International edition / _bInternational edition contributions by Soumen Mukherjee, RCC Institute of Information Technology, Arup Kumar Bhattacharjee, RCC Institute of Information Technology. |
||
| 260 |
_aBoston : _bAddison-Wesley, _cc.2013. |
||
| 300 |
_a815 pages : _bill. _c23 cm |
||
| 500 | _aIndex : p. 793-815. | ||
| 504 | _aIncludes bibliographical references. | ||
| 590 | _adoaa mohamed | ||
| 650 | 0 |
_aProgramming languages (Electronic computers) _933773 _2BUEsh |
|
| 651 | _2BUEsh | ||
| 653 |
_bCOMSCI _cSeptember2013 |
||
| 700 | 1 |
_aMukherjee, Soumen, _econtributor. _932792 |
|
| 700 | 1 |
_aBhattacharjee, Arup Kumar, _econtributor. _932793 |
|
| 942 |
_2ddc _cBB |
||
| 999 |
_c17561 _d17533 |
||